Đạo đức khi bạn toả sáng nhất, tập 1 Kèm theo CD/ 792 đến 800, từ tập 1 đến tập 6

Uloženo v:
Podrobná bibliografie
Médium: Kniha
Vydáno: 2006
Tagy: Přidat tag
Žádné tagy, Buďte první, kdo otaguje tento záznam!
Thư viện lưu trữ: Mạng thư viện Đại học Đà Nẵng
LEADER 00506nam a22001811a 4500
001 000039751
003 16046
005 20160412022642.0
008 160412s2006 000
082 |a 4N(TK)370-377 
245 |a Đạo đức khi bạn toả sáng nhất, tập 1 Kèm theo CD/ 792 đến 800, từ tập 1 đến tập 6 
260 |c 2006 
OWN |a LNN 
999 |a From the UDN01 
TYP |a Monograph 
980 |a Mạng thư viện Đại học Đà Nẵng